Petefészekrák esetbemutatás olvasólecke /
Elmentve itt :
| Szerzők: | |
|---|---|
| Dokumentumtípus: | Tanítási erőforrás |
| Megjelent: |
2020
|
| Kulcsszavak: | rákbetegség nőgyógyászat |
| Tárgyszavak: | |
| Online Access: | http://eta.bibl.u-szeged.hu/5523 |
| LEADER | 00910nnm a2200265 i 4500 | ||
|---|---|---|---|
| 001 | eta5523 | ||
| 005 | 20210408134719.0 | ||
| 008 | 210408s2020 hu o 0|| hun d | ||
| 040 | |a SZTE Elektronikus Tananyag Archívum |b hun | ||
| 041 | |a hun | ||
| 100 | 1 | |a Kószó Renáta | |
| 245 | 1 | 0 | |a Petefészekrák esetbemutatás |h [elektronikus dokumentum] : |b olvasólecke / |c Kószó Renáta |
| 246 | 1 | 0 | |a Ovarian cancer case presentation |h [elektronikus dokumentum] |
| 260 | |c 2020 | ||
| 300 | |a 16 | ||
| 516 | |a Teaching_resource | ||
| 650 | 4 | |a Orvos- és egészségtudomány | |
| 650 | 4 | |a Klinikai orvostan | |
| 650 | 4 | |a Onkológia | |
| 650 | 4 | |a Szülészet és nőgyógyászat | |
| 650 | 4 | |a Nőgyógyászat | |
| 695 | |a rákbetegség | ||
| 695 | |a nőgyógyászat | ||
| 700 | 0 | 1 | |a Fábián Gabriella |e aut |
| 856 | 4 | 0 | |u https://eta.bibl.u-szeged.hu/5523/1/olvasolecke_doc_petefeszekrak_KoszoR_VEGSO.pdf |z Dokumentum-elérés |